| 000 | 01154nam a2200265 a 4500 | ||
|---|---|---|---|
| 001 | 1434 | ||
| 003 | BR-CuiBMT | ||
| 005 | 20231216193717.0 | ||
| 008 | 231209s2014 scba 000 0 por d | ||
| 040 |
_aBR-CuiBMT _cBR-CuiBMT |
||
| 080 |
_a351.94:336.148 _x(816.4) _22007 |
||
| 090 |
_a351.94:336.148(816.4) _bS231m |
||
| 110 | 1 |
_aSanta Catarina. _bTribunal de Contas. |
|
| 245 | 1 | 0 |
_aMemórias : _bTribunal de Contas de Santa Catarina / _cTribunal de Contas de Santa Catarina. |
| 246 | 1 | 4 |
_aMemórias : _bTribunal de Contas de Santa Catarina : Simpósio Internacional : crise de representatividade : desafios e oportunidades para o controle externo. |
| 260 |
_aFlorianópolis : _bTCE-SC, _bACOM, _c2014. |
||
| 300 |
_a370 p. : _bil color. ; _c19 cm |
||
| 490 | 1 |
_aMemórias Tribunal de Contas de Santa Catarina ; _vv. 3 |
|
| 610 | 1 |
_aSanta Catarina. _bTribunal de Contas _xMemória institucional |
|
| 650 |
_aAdministração pública _zSanta Catarina |
||
| 650 |
_aControle externo _xMemória institucional |
||
| 650 |
_aTribunal de contas _xCongressos _zSanta Catarina |
||
| 830 | 0 |
_aMemórias Tribunal de Contas de Santa Catarina ; _v3 |
|
| 942 |
_2udc _cLV |
||
| 999 |
_c1434 _d1434 |
||